Unrevised Print of Hearings on H.R. 1425, to Provide for the Sale of Certain Government-owned Merchant Vessels, and for other Purposes. Statement of Rear Admiral Emory S. Land, Chairman, U.S. Maritime Commission, and Almon E. Roth, President, National Federation of American Shipping, Inc.

H.R. 1425 is an improved version of H.R. 5213.

Bibliographic Details
Corporate Authors: United States. Congress. House. Committee on Merchant Marine and Fisheries, ProQuest (Firm)
Format: eBook
Language:English
Published: [Place of publication not identified] : [publisher not identified], 1945.
Series:U.S. Congressional Research.
Subjects:
Online Access:Connect to the full text of this electronic book

MARC

Tag First Indicator Second Indicator Subfields
LEADER 00000cam a22000001a 4500
001 in00003308821
006 m d f
007 cr bn mmmapmmp
008 100505s1945 dcu o f000 0 eng d
005 20260430150140.5
035 |a cis2007831285 
040 |a LexisNexis  |c LexisNexis  |d UtOrBLW 
043 |a n-us--- 
099 |a CMP-1945-MMF-0088 
110 1 |a United States.  |b Congress.  |b House.  |b Committee on Merchant Marine and Fisheries. 
245 1 0 |a Unrevised Print of Hearings on H.R. 1425, to Provide for the Sale of Certain Government-owned Merchant Vessels, and for other Purposes. Statement of Rear Admiral Emory S. Land, Chairman, U.S. Maritime Commission, and Almon E. Roth, President, National Federation of American Shipping, Inc. 
264 1 |a [Place of publication not identified] :  |b [publisher not identified],  |c 1945. 
300 |a 1 online resource. 
336 |a text  |b txt  |2 rdacontent 
337 |a computer  |b c  |2 rdamedia 
338 |a online resource  |b cr  |2 rdacarrier 
500 |a Record is based on bibliographic data in LexisNexis U.S. Congressional Research Digital Collection (last viewed May 2010). Reuse except for individual research requires license from LexisNexis. 
500 |a Print. 
520 |a H.R. 1425 is an improved version of H.R. 5213. 
500 |a Electronic resource. 
650 0 |a Demobilization. 
650 0 |a Government ownership. 
650 0 |a Merchant marine. 
655 7 |a Electronic books.  |2 local 
710 2 |a ProQuest (Firm) 
776 0 8 |i Microfiche version:   |a United States. Congress. House. Committee on Merchant Marine and Fisheries.  |t Unrevised Print of Hearings on H.R. 1425, to Provide for the Sale of Certain Government-owned Merchant Vessels, and for other Purposes. Statement of Rear Admiral Emory S. Land, Chairman, U.S. Maritime Commission, and Almon E. Roth, President, National Federation of American Shipping, Inc.  |o H8014 
830 0 |a U.S. Congressional Research. 
856 4 0 |u http://proxy.library.tamu.edu/login?url=https://congressional.proquest.com/congcomp/getdoc?CRDC-ID=CMP-1945-MMF-0088  |z Connect to the full text of this electronic book  |t 0 
999 |a MARS 
999 f f |s 233ada42-34db-3dee-8957-41f4e79b408e  |i 6781b8b9-1ff3-3355-827a-addd87d87806  |t 0 
952 f f |a Texas A&M University  |b College Station  |c Electronic Resources  |s www_evans  |d Available Online  |t 0  |e CMP-1945-MMF-0088  |h Other scheme 
998 f f |a CMP-1945-MMF-0088  |t 0  |l Available Online